Estadísticas para Prueba de Níger

Haz click aquí para intentar la prueba.

Estadísticas generales

  • Esta prueba ha sido intentada 486 veces
  • La puntuación promedio es 12 de 16

Estadísticas de respuestas

PistaRespuesta% Correcto
El río principal que atraviesa esa ciudadRío Níger
99%
El desierto que cubre el 80% de NígerSahara
98%
El país más poblado que limita con NigerNigeria
97%
País cuya bandera es la más similar:
India
94%
El país más grande que limita con NigerArgelia
91%
La mujer promedio tendrá 6,9 de estos, la tasa más alta del mundoHijos
91%
Idioma oficialFrancés
90%
Al número total más cercano, el porcentaje de nigerienos que son islámicos99%
78%
Sector de la economía en el que participa el 82% de los nigerienosAgricultura
78%
CapitalNiamey
73%
Un lago grande, pero poco profundo, que Níger comparte con otros tres paísesLago Chad
72%
Moneda que el Níger comparte con siete otros países{Franco} CFA
58%
Término para la zona semiárida al sur de la respuesta anterior, que incluye gran parte del sur del NígerSahel
49%
Elemento amarillo que representa el 91% de las exportaciones de Níger
(pista: se afirmó falsamente que Saddam Hussein intentó comprarlo)
Uranio
39%
El grupo étnico más grande (comienza con H)Hausa
26%
Imperio que gobernó la región desde aproximadamente 1464 a 1591{Song}hai
24%

Distribución de puntuación

Porcentaje por número respondido

Porcentaje de gente con cada puntuación

Historial de tus puntuaciones

No has intentado esta prueba.